00466 a2200169 450000100060000002000190000604000240002510000200004924000270006924500220009630000100011836200090012865000310013794200070016895201040017599900170027914040 a9788520004425  cAnchieta - Aquarius aAntón, Rafael10aEntão quem é?lpor10aEntão quem é? a27p. 0 a2015 4aLiteratura infanto-juvenil cBK 00104070a87.1b87.1d2023-11-21l0o028.5 DIA ENTp5748/AQUr2023-11-21 15:14:03w2023-11-21yBK c14040d14040